Diario. Notas, recuerdos y secuencias de cosas vistas

Saved in:
Bibliographic Details
Main Author: Ruiz, Raúl (Author)
Other Authors: Cuneo, Bruno (selección, edición y prólogo)
Format: Book
Language:Spanish
Published: Santiago, Chile Ediciones Universidad Diego Portales 2017
Series:Colección Vidas Ajenas
Subjects:
Tags: Add Tag
No Tags, Be the first to tag this record!

MARC

LEADER 00000cam a2200000 a 4500
001 UCC8664
003 CL-VaPUC
005 20220913074557.0
008 190809e20170000cl |||||||||||||||||spa|d
999 |c 374933  |d 374931 
020 |a  9789563143881 o.c 
020 |a 9789563143898 v.1 
020 |a 9789563143904 v.2 
040 |c Pontificia Universidad Católica de Valparaíso 
082 0 4 |a 791.4309 RUI 2017  |2 21 
100 0 |a Ruiz, Raúl  |e author  |9 269308 
245 1 0 |a Diario.   |b Notas, recuerdos y secuencias de cosas vistas 
260 |a Santiago, Chile   |b Ediciones Universidad Diego Portales  |c 2017 
300 |a 2 volúmenes  
440 |a Colección Vidas Ajenas  |9 857291 
583 |a last modification  |c 20190809 11:18:00  |k Rodrigo Vera 
600 1 7 |9 606431  |a Ruiz, Raúl  |d 1941-2011  |q Ruiz Pino, Raúl Ernesto 
650 0 |a Directores de cine  |9 368705 
650 0 |a Biografías  |9 255210 
700 |a Cuneo, Bruno   |e selección, edición y prólogo   |9 857292 
852 |a BIBCUR 
942 |c BK  |2 ddc 
945 |d 20190809 11:18:00  |a dcastane 
952 |0 0  |1 0  |2 ddc  |3 erb  |4 0  |6 920_000000000000000_RUI_2017  |7 0  |8 A  |9 489400  |a FDOSRS  |b FDOSRS  |h v.1  |i 5490987  |o 920 RUI 2017  |p 5490987  |r 2023-01-11  |w 2019-11-24  |y BK  |z Catalogado en:20180824  |k ART 
952 |0 0  |1 0  |2 ddc  |3 erb  |4 0  |6 920_000000000000000_RUI_2017  |7 0  |8 A  |9 489401  |a FDOSRS  |b FDOSRS  |h v.2  |i 5490995  |o 920 RUI 2017  |p 5490995  |r 2023-01-11  |w 2019-11-24  |y BK  |z Catalogado en:20180824  |k ART 
952 |0 0  |1 0  |2 ddc  |3 erb  |4 0  |6 791_430900000000000_RUI_2017  |7 0  |8 A  |9 493714  |a FDOSRS  |b FDOSRS  |d 2019-08-01  |e 4  |g 32001.00  |h v.1  |i 5556740  |o 791.4309 RUI 2017  |p 5556740  |r 2023-01-11  |v 32001.00  |w 2019-11-24  |y BK  |z Catalogado en:20190809  |k ART 
952 |0 0  |1 0  |2 ddc  |3 erb  |4 0  |6 791_430900000000000_RUI_2017  |7 0  |8 A  |9 493715  |a FDOSRS  |b FDOSRS  |d 2019-08-01  |e 4  |g 32001.00  |h v.2  |i 5556759  |o 791.4309 RUI 2017  |p 5556759  |r 2023-01-11  |v 32001.00  |w 2019-11-24  |y BK  |z Catalogado en:20190809  |k ART